00410nam a22001337a 450000500170000000800410001704100130005808200130007110000130008424500350009726000860013230000320021865000260025020240515080119.0240515b |||||||| |||| 00| 0 eng d aEnglish  a349 LAW  lEnglish  aThe Law Reports: Appeal Cases  aLondon: bThe Incorporated Council of Law Reporting for England and Wales, c1898 bxxiii, 809 pages; c25 cm.  aLegal practice bLaw